drinks and desserts - Statistics

General Stats
  • This quiz has been taken 249 times
  • The average score is 12 of 15
Answer Stats
Picture Answer % Correct
milk
98%
water
98%
hot chocolate
92%
ice cream
91%
cupcake
87%
tea
87%
apple pie
74%
churros
74%
pink milk
74%
lemon meringue pie
70%
pancakes
70%
juice
66%
tiramisu
66%
doughnuts
59%
jelly
56%
No matching quizzes found
Score Distribution
Percent of People with Each Score
Percentile by Number Answered
Your Score History
You have not taken this quiz